Statistics for Countries Outside Europe with Safe Tapwater

Click here to take the quiz!

General Stats

  • This quiz has been taken 164 times
  • The average score is 7 of 9

Answer Stats

Country% Correct
United States
97%
Canada
97%
Australia
96%
New Zealand
93%
Japan
92%
South Korea
86%
Singapore
81%
Israel
64%
Brunei
35%

Score Distribution

Percentile by Number Answered

Percent of People with Each Score

Your Score History

You have not taken this quiz